00300nam a22001337a 4500003000400000008004100004020001800045082001400063100002500077245002000102250001100122260002500133300000800158OSt240411b |||||||| |||| 00| 0 eng d a9789387284319 a005.8 BEH aBEHERA,Soumya Ranjan aHacking Exposed a1st Ed aNew DelhibBPBc2024 a191